000 00758nam a22002657a 4500
005 20230208143941.0
008 230208b ||||| |||| 00| 0 eng d
040 _cAL
041 _aeng
082 _223
_a658.8
_bVARM
100 _aM M Varma
_971354
100 _dR K Agarwal
_971342
245 _aMarketing management
260 _aDelhi
_bKing Books
_c2000
300 _aviii,447p.
_c21x14cm.
_bPB
365 _2Management
_b85.00
_c
_d85.00
650 _aMarketing Process
_971343
650 _aMarketing Environment
_971344
650 _aMarketing Planning
_971345
650 _aSales Promotion
_971346
650 _aConsumer Protection In India
_971347
700 _aVARMA (M M)
_971348
700 _aAGARWAL (R K)
_971349
942 _2ddc
_cDB
999 _c226612
_d226612